International Capital Transfers with Public Guarantees <A> Principal-Agent Analysis
Guardado en:
| Autor principal: | |
|---|---|
| Formato: | Libro |
| Lenguaje: | inglés alemán |
| Publicado: |
Kiel
Institut für Weltwirtschaft
1989
|
| Edición: | 1. Aufl. |
| Colección: | Working Paper
No.376 |
| Etiquetas: |
Sin Etiquetas, Sea el primero en etiquetar este registro!
|
MARC
| LEADER | 00000nam a2200000 4500 | ||
|---|---|---|---|
| 001 | c036850 | ||
| 005 | 20221215114000.2 | ||
| 041 | 0 | |a eng | |
| 041 | 0 | |a ger | |
| 044 | |a DE | ||
| 245 | 1 | 0 | |a International Capital Transfers with Public Guarantees |b <A> Principal-Agent Analysis |c Volker Stüven |
| 250 | |a 1. Aufl. | ||
| 264 | 1 | |a Kiel |b Institut für Weltwirtschaft |c 1989 | |
| 300 | |a 42 s. | ||
| 490 | 1 | |a Working Paper |v No.376 | |
| 830 | 0 | |a Working Paper |v No.376 | |
| 100 | 1 | |a Stüven, Volker | |